| 000 | 00619nam a22002057a 4500 | ||
|---|---|---|---|
| 003 | SISC | ||
| 005 | 20160404102244.0 | ||
| 008 | 130830t xxu||||| |||| 00| 0 eng d | ||
| 050 |
_aHQ 755.8 _b.G795 2000 |
||
| 082 |
_aHS 649.12 _bG82 2000 |
||
| 100 | _aGreen, Christopher | ||
| 245 |
_aBeyond toddlerdom : _bkeeping five- to twelve- years-olds on the rails / _cChristopher Green. |
||
| 260 |
_aLondon : _bVermilion, _c2000. |
||
| 300 |
_a276 p. ; _bill. ; _c23 cm. |
||
| 650 |
_aChild rearing _91462 |
||
| 650 |
_aParenting _91248 |
||
| 650 |
_aDiscipline of children _9276 |
||
| 942 |
_2lcc _cBK |
||
| 999 |
_c10054 _d10054 |
||